000 00769nab a2200241 u 4500
001 13095
003 HDC
007 cr bn ---aaaaa
008 210212c my dr|nes 0 eng d
040 _aHDC
245 0 _aHigh-5: We had no choice but to close down
260 _a[no place] :
_b[publisher not identified],
_c[no year]
336 _atext
_2rdacontent
337 _acomputer
_2rdamedia
338 _aonline resource
_2rdacarrier
650 _aBread maker
_913921
650 _aPastry
_913922
710 _aMSN Malaysia
856 _zRequest full-text at [email protected]
942 _2lcc
942 _cNEWS
942 _kNWSO 002796
999 _c10411
_d10411